000 01115nam0a22002891 4500
001 rc\64837
005 20250620165253.0
010 _a5-7464-0540-X
_91000
035 _a(NLR Aleph) 005339426
090 _a6677421
_c6677421
100 _a20021216d1991 |||y0rusy50 ca
101 0 _arus
102 _aRU
105 _ay |||||||||
200 1 _aТермины и основные понятия в аналитической химии
_eУчеб.-метод. пособие
_fГ.К. Будников, Э.П. Медянцева, Н.А. Улахович
210 _aКазань
_cИзд-во Казан. ун-та
_d1991
215 _a129, [2] с.
_d20
320 _aБиблиогр.: с. 110 (14 назв.)
320 _aПредм. указ.: с. 116-130
700 1 _aБудников
_bГ.К.
_gГерман Константинович
701 1 _aМедянцева
_bЭ.П.
_gЭльвина Павловна
701 1 _aУлахович
_bН.А.
_gНиколай Алексеевич
801 0 _aRU
_bNLR
_gpsbo
801 1 _aRU
_bELAR
_2rusmarc
852 _aNLR
_j91-3/6836
942 _cBOOK
980 _aNB